000 00626nam a2200193Ia 4500
008 151121s9999||||xx |||||||||||||| ||und||
082 _a813/चांदोर
082 _bHNW-113686
100 _aचांदोरकर स्वाती
245 _aपवित्रम
260 _b"मेहता पब्लिशिंग हाऊस, पुणे।"
260 _c2013
300 _a200
600 _aचांदोरकर स्वाती
630 _aपवित्रम
700 _aचांदोरकर स्वाती
730 _aपवित्रम
942 _cBOOK
999 _c1262765
_d1262762